000 00392nam a2200169Ia 4500
008 230516s9999 xx 000 0 und d
041 _aeng
082 _a612.11
_bLEH/ COX
100 _aLEHINIGER,COX
245 _aPRINCIPLE OF BIOCHEMISTRY
260 _bC.B.S. PUBLISHERS & DISTRUTORS
300 _a1013
365 _h20
500 _aHB
520 _aBCP
650 _aBIOCHEMISTRY
999 _c362721
_d362721